000 00298nam a22001337a 4500
020 _a9781461460954
082 _a641.862
_bGOF/IC
100 _aGoff Douglas, H
_aHartel Richard, W
_9313
245 _aIce Cream
250 _a7
260 _aNew York
_bSpringer
_c2013
300 _a462
942 _cBK
999 _c14241
_d14241